| 000 | 00944nam a22001937a 4500 | ||
|---|---|---|---|
| 999 |
_c18725 _d18725 |
||
| 003 | AR-CdUCM | ||
| 008 | 190515b ||||| |||| 00| 0 spa d | ||
| 040 |
_aMUNICIPALIDAD PROVINCIAL DEL CUSCO _cBIBLIOTECA MUNICIPAL DEL CUSCO |
||
| 082 |
_a321.4 / _bSM61 |
||
| 100 |
_aSmith, Louis _98970 |
||
| 245 |
_aLa democracia y el poder militar : _bUn estudio del control civil sobre el poder militar en los Estados Unidos / |
||
| 260 |
_aBuenos Aires : _bBibliografica Argentina, _c1957. |
||
| 300 |
_a367 paginas ; _c24 cm. |
||
| 505 | _aContenido: El problema del contralor civil del poder militar -- La tradición norteamericana del dominio central -- La presidencia y el contralor civil del poder militar -- La presidencia y la administración de la defensa nacional I -- La presidencia y la administración de la defensa nacional II... | ||
| 650 |
_aMilitar _91881 |
||
| 650 |
_aCivl _939484 |
||
| 942 |
_2ddc _cLIBROS |
||
| 945 |
_apjha _d2019-05-15 |
||